Statistics for Girl names

Click here to take the quiz!

General Stats

  • This quiz has been taken 2 times
  • The average score is 5 of 45

Answer Stats

Answer % Correct
Sarah
100%
Emily
100%
Emma
100%
Sophia
50%
Lorrein
50%
Angelina
50%
Lilly
0%
Portia
0%
Jessalyn
0%
Cara
0%
Kendall
0%
Courtney
0%
Nina
0%
Margaret
0%
Jenna
0%
Lindsey
0%
Amelia
0%
Sasha
0%
Hannah
0%
Lora
0%
Breanna
0%
Maxine
0%
Alice
0%
Kayla
0%
Shannon
0%
Britney
0%
Chloe
0%
Sophie
0%
Kaley
0%
Kylie
0%
Kim
0%
Maddie
0%
Hailey
0%
Tessa
0%
Khloe
0%
Maria
0%
Renee
0%
Rose
0%
Kristen
0%
Isabel
0%
Grace
0%
Ellen
0%
Ella
0%
Morgan
0%
Bailey
0%

Score Distribution

Percentile by Number Answered

Percent of People with Each Score

Your Score History

You have not taken this quiz